Problemas, lenguajes y algoritmos /

Guardado en:
Autor Principal: Sagastume, Marta.
Otros Autores: Baum, Gabriel.
Formato: Libro
Idioma:Spanish
Publicado: Campinas : Editora da UNICAMP, 1986.
Etiquetas: Agregar Etiqueta
Sin Etiquetas, Sea el primero en etiquetar este registro!
LEADER 00679nam a22001695a 4500
001 MAT.inmabb006723
008 120831s1986####bl#a#####b####000#0#spa#d
005 20120831143043.0
245 1 0 |a Problemas, lenguajes y algoritmos /  |c Marta Sagastume, Gabriel Baum. 
260 |a Campinas :  |b Editora da UNICAMP,  |c 1986. 
300 |a 165 p. :  |b il. ;  |c 24 cm. 
500 |a Escrito para ser utilizado como texto del curso "Teoría de la computación" en la I Escuela Argentino Brasilera de Informática. 
504 |a Incluye referencias bibliográficas (p. 185). 
100 1 |a Sagastume, Marta. 
700 1 |a Baum, Gabriel. 
084 |a 68Qxx (03Dxx)  |2 msc2000 
859 |h 68  |i Sa129  |p A-5718  |b BIB. MATEMATICA